| 000 | 00739nam a22001937a 4500 | ||
|---|---|---|---|
| 005 | 20230328090133.0 | ||
| 008 | 230328b |||||||| |||| 00| 0 eng d | ||
| 020 | _a978-971-27-2125-0 | ||
| 082 | _aFil. 363.7009599 G146 2009 | ||
| 100 |
_aGalang, Angelina P. _eauthor |
||
| 245 |
_aThe Philippine environment in the ecozoic age: _bprinciples of environmental science in the Philippine setting / _cAngelina P. Galang |
||
| 260 |
_aPasig City, PH: _bAnvil Publishing, _cc2009 |
||
| 300 |
_axi, 227p.: _bill. |
||
| 504 | _aIncludes bibliographical references and index | ||
| 541 | _e2103 | ||
| 650 | _aEnvironmental policy - Philippines | ||
| 650 | _aEnvironmental protection - Philippines | ||
| 650 | _aPhilippines - Environmental conditions | ||
| 999 |
_c2051 _d2051 |
||